00686nam a2200217 a 450000500170000000800410001704000250005804100080008308200110009110000160010224501390011826000210025730000100027865000270028865000320031565000310034766200140037870000230039270000210041570000320043620200521114647.0140310b1996 ||||| |||| 00| 0 eng d aCO-BoIAVHcCO-BoIAVH aeng a333.75 aBiller, Dan aPursuit of sustainable forest policy in the Americasbcurrent Initiatives and opportunities for regional cooperationbWorld Bankc1996 as.l.bs.e.c1996 a24 p. aPolíticas forestales aCooperación internacional aManejo forestal sostenible cAmérica aCassells, David S. aMeyer, Carrie A. aRodríguez Becerra, Manuel